[Event "CRO-chT (Women) 31st"]
[Site "Veli Losinj"]
[Date "2023.10.18"]
[Round "9.4"]
[White "Juric, Ester"]
[Black "Zagorac, Lara"]
[Result "0-1"]
[WhiteElo "1597"]
[BlackElo "1865"]
[PlyCount "64"]
[EventDate "2023.10.11"]
[EventType "team-tourn"]
[EventRounds "9"]
[EventCountry "CRO"]
[SourceTitle "Mega2024 Update 01"]
[Source "Chessbase"]
[SourceDate "2023.11.12"]
[SourceVersion "1"]
[SourceVersionDate "2023.11.12"]
[SourceQuality "1"]
[WhiteTeam "Strizivojna Amater (W)"]
[BlackTeam "Rijeka Draga (W)"]
[WhiteTeamCountry "CRO"]
[BlackTeamCountry "CRO"]

1. d4 d5 2. c4 c6 3. Nf3 Nf6 4. Nc3 dxc4 5. e3 b5 6. a4 b4 7. Na2 a5 8. Bxc4 e6 9. 0-0 Be7 10. Bd2 0-0 11. Nc1 Ba6 12. Qc2 Qb6 13. Bxa6 Nxa6 14. Nb3 Rac8 15. Rac1 c5 16. dxc5 Nxc5 17. Nxc5 Rxc5 18. Qb3 Rd5 19. Bc3 Qb8 20. Bd4 e5 21. Nxe5 Rxe5 22. Bxe5 Qxe5 23. Rc4 Bd6 24. g3 Qh5 25. Qd1 Qe5 26. Qb3 h5 27. Rd1 Be7 28. Qc2 Ng4 29. Rc7 Qf6 30. Rc6 Qf3 31. Rd7 h4 32. Qd1 Qxf2+ 0-1

[Event "CRO-chT (Women) 31st"]
[Site "Veli Losinj"]
[Date "2023.10.14"]
[Round "5.4"]
[White "Trgovac, Marta"]
[Black "Juric, Ester"]
[Result "0-1"]
[WhiteElo "1813"]
[BlackElo "1597"]
[PlyCount "124"]
[EventDate "2023.10.11"]
[EventType "team-tourn"]
[EventRounds "9"]
[EventCountry "CRO"]
[SourceTitle "Mega2024 Update 01"]
[Source "Chessbase"]
[SourceDate "2023.11.12"]
[SourceVersion "1"]
[SourceVersionDate "2023.11.12"]
[SourceQuality "1"]
[WhiteTeam "Busevec Polet (W)"]
[BlackTeam "Strizivojna Amater (W)"]
[WhiteTeamCountry "CRO"]
[BlackTeamCountry "CRO"]

1. d4 Nf6 2. c4 e6 3. Nf3 d5 4. Nc3 Be7 5. Bf4 c6 6. cxd5 exd5 7. e3 0-0 8. Bd3 Nbd7 9. Qc2 Re8 10. 0-0 Nf8 11. h3 Ng6 12. Bh2 Bd6 13. Bxd6 Qxd6 14. Nd2 Bd7 15. Na4 b6 16. a3 Rac8 17. b4 Qe6 18. Rac1 Ne4 19. Nxe4 dxe4 20. Ba6 Rb8 21. Be2 Nh4 22. Bg4 Qg6 23. f3 f5 24. g3 fxg4 25. gxh4 gxf3+ 26. Kf2 Qg2+ 27. Ke1 Qxc2 28. Rxc2 Bxh3 29. Rg1 Rf8 30. Kf2 Rf6 31. h5 Re8 32. Rg3 Bd7 33. Nb2 Rh6 34. Rg5 g6 35. b5 Rc8 36. Nd1 Rxh5 37. Rxh5 gxh5 38. bxc6 Bxc6 39. d5 Bb7 40. Rd2 Kf7 41. Rd4 Rc2+ 42. Kg1 Rc5 43. Rxe4 Rxd5 44. Rf4+ Kg6 45. Nf2 Rg5+ 46. Kf1 Rf5 47. Rd4 Rd5 48. Rf4 Rb5 49. Nd3 Ba6 50. Kf2 Rf5 51. Rd4 Bxd3 52. Rxd3 Kg5 53. Rd7 Ra5 54. Rxh7 Rxa3 55. Kxf3 a5 56. Rg7+ Kf6 57. Rc7 Rb3 58. Kf4 Rb5 59. e4 a4 60. Rc6+ Ke7 61. e5 a3 62. Rc2 Ra5 0-1

[Event "CRO-chT (Women) 31st"]
[Site "Veli Losinj"]
[Date "2023.10.13"]
[Round "4.4"]
[White "Juric, Ester"]
[Black "Karij, Petra"]
[Result "1/2-1/2"]
[WhiteElo "1597"]
[BlackElo "1587"]
[PlyCount "34"]
[EventDate "2023.10.11"]
[EventType "team-tourn"]
[EventRounds "9"]
[EventCountry "CRO"]
[SourceTitle "Mega2024 Update 01"]
[Source "Chessbase"]
[SourceDate "2023.11.12"]
[SourceVersion "1"]
[SourceVersionDate "2023.11.12"]
[SourceQuality "1"]
[WhiteTeam "Strizivojna Amater (W)"]
[BlackTeam "Novo Virje Konaki (W)"]
[WhiteTeamCountry "CRO"]
[BlackTeamCountry "CRO"]

1. d4 d5 2. c4 e6 3. Nf3 c5 4. cxd5 exd5 5. Bg5 Qb6 6. Qc2 Nc6 7. dxc5 Bxc5 8. e3 Nb4 9. Qd1 Bf5 10. Na3 a6 11. Be2 Nf6 12. Bxf6 Qxf6 13. Qb3 0-0 14. 0-0 Be6 15. Qc3 Qe7 16. Rfd1 Rac8 17. Qd2 Rfd8 1/2-1/2

[Event "CRO-chT (Women) 30th"]
[Site "Porec"]
[Date "2022.09.28"]
[Round "6.3"]
[White "Juric, Ester"]
[Black "Koksa, Jelena"]
[Result "0-1"]
[WhiteElo "1639"]
[BlackElo "1781"]
[PlyCount "118"]
[EventDate "2022.09.24"]
[EventType "team-tourn"]
[EventRounds "9"]
[EventCountry "CRO"]
[SourceTitle "CBM 210 Extra"]
[Source "ChessBase"]
[SourceDate "2022.11.30"]
[SourceVersion "1"]
[SourceVersionDate "2022.11.30"]
[SourceQuality "1"]
[WhiteTeam "Strizivojna Amater (W)"]
[BlackTeam "Novo Virje Konaki (W)"]
[WhiteTeamCountry "CRO"]
[BlackTeamCountry "CRO"]

1. d4 Nf6 2. c4 e6 3. Nc3 Bb4 4. e3 b6 5. Nf3 Bb7 6. Bd3 Bxc3+ 7. bxc3 Ne4 8. Qc2 f5 9. Bxe4 Bxe4 10. Qe2 Qe7 11. 0-0 0-0 12. a4 a5 13. Nd2 Bb7 14. Rd1 d6 15. Bb2 Nd7 16. Nb1 e5 17. Re1 Qg5 18. f3 Rae8 19. Na3 Nf6 20. Nb5 Rf7 21. Ba3 exd4 22. cxd4 d5 23. cxd5 Nxd5 24. Bc1 Qg6 25. Qf2 Rfe7 26. Bd2 c6 27. Na3 Ba6 28. Rab1 Qd6 29. Rb3 Nb4 30. Reb1 c5 31. dxc5 bxc5 32. Nb5 Qd7 33. Nc3 c4 34. Ra3 Nc2 35. Ra2 Nxe3 36. Bxe3 Rxe3 37. Rd2 Qf7 38. Nd5 Rd3 39. Nf4 Rxd2 40. Qxd2 Qa7+ 41. Kh1 Qe3 42. Qxe3 Rxe3 43. Kg1 c3 44. Kf2 c2 45. Rc1 Rc3 46. Nd5 Rc5 47. Ne3 Bd3 48. Ke1 f4 49. Kd2 Bg6 50. Nxc2 Rc4 51. Ne1 Rxa4 52. Rc8+ Kf7 53. Ra8 Ra2+ 54. Kc3 Re2 55. Nd3 Re3 56. Rd8 Rxd3+ 57. Rxd3 Bxd3 58. Kxd3 g5 59. Kc4 h5 0-1

[Event "CRO-chT (Women) 30th"]
[Site "Porec"]
[Date "2022.09.25"]
[Round "2.1"]
[White "Juric, Ester"]
[Black "Golub, Nikolina"]
[Result "0-1"]
[WhiteElo "1639"]
[BlackElo "1821"]
[PlyCount "114"]
[EventDate "2022.09.24"]
[EventType "team-tourn"]
[EventRounds "9"]
[EventCountry "CRO"]
[SourceTitle "CBM 210 Extra"]
[Source "ChessBase"]
[SourceDate "2022.11.30"]
[SourceVersion "1"]
[SourceVersionDate "2022.11.30"]
[SourceQuality "1"]
[WhiteTeam "Strizivojna Amater (W)"]
[BlackTeam "Rijeka Draga (W)"]
[WhiteTeamCountry "CRO"]
[BlackTeamCountry "CRO"]

1. d4 Nf6 2. c4 e6 3. Nc3 Bb4 4. e3 0-0 5. Bd3 Re8 6. Nf3 c5 7. Qc2 d5 8. cxd5 cxd4 9. Nxd4 Qxd5 10. 0-0 Bxc3 11. Qxc3 Bd7 12. Rd1 Rc8 13. Qe1 Nc6 14. Nxc6 Qxc6 15. Bd2 e5 16. Bc3 Qe6 17. b3 Bc6 18. Rac1 b5 19. Qe2 a6 20. Bb2 Bb7 21. Bb1 Rxc1 22. Rxc1 Qd5 23. f3 Rd8 24. e4 Qd6 25. Bc2 h6 26. Rd1 Qc5+ 27. Kh1 Rc8 28. Bb1 a5 29. Bd3 b4 30. Bc4 a4 31. g3 axb3 32. Bxb3 Qa5 33. Rd2 Ba6 34. Qd1 Bc4 35. Bxc4 Rxc4 36. Qb3 Rc8 37. Rd1 Ra8 38. Ra1 Rd8 39. Qe3 Qb5 40. Rc1 Ra8 41. Ra1 Rd8 42. Rc1 Ra8 43. Ra1 Nd7 44. Qb3 Qe2 45. Rd1 Nc5 46. Qd5 Re8 47. Ba1 Qxf3+ 48. Kg1 Qe3+ 49. Kh1 Nxe4 50. Rf1 Nf6 51. Qb5 Qe4+ 52. Kg1 Re6 53. Qb8+ Re8 54. Qb5 Qd5 55. Qxb4 Qxa2 56. Qb5 Qd5 57. Qa4 Ra8 0-1

[Event "CRo-ch U17/19 Girls"]
[Site "Split"]
[Date "2022.07.31"]
[Round "9"]
[White "Nikolic, Lara"]
[Black "Juric, Ester"]
[Result "0-1"]
[WhiteElo "1223"]
[BlackElo "1588"]
[PlyCount "54"]
[EventDate "2022.07.25"]
[EventType "swiss"]
[EventRounds "9"]
[EventCountry "CRO"]
[SourceTitle "EXT 2023"]
[Source "ChessBase"]
[SourceDate "2022.10.05"]
[SourceVersion "1"]
[SourceVersionDate "2022.10.05"]
[SourceQuality "1"]

1. d4 d5 2. Nf3 Nf6 3. Bf4 c5 4. e3 Nc6 5. c3 Qb6 6. Qb3 e6 7. Bd3 c4 8. Qxb6 axb6 9. Bc2 b5 10. Ne5 Nxe5 11. Bxe5 Nd7 12. Bg3 b4 13. Bd1 b5 14. a4 b3 15. a5 b4 16. 0-0 Be7 17. Bf3 Bb7 18. Re1 bxc3 19. Nxc3 Bb4 20. Rec1 Rxa5 21. Rxa5 Bxa5 22. Bd6 Bxc3 23. Rxc3 Nb6 24. Rc1 Kd7 25. Ba3 Ra8 26. Ra1 c3 27. bxc3 Nc4 0-1

[Event "CRo-ch U17/19 Girls"]
[Site "Split"]
[Date "2022.07.28"]
[Round "6"]
[White "Juric, Ester"]
[Black "Arlavi, Sara"]
[Result "1-0"]
[WhiteElo "1588"]
[BlackElo "1605"]
[PlyCount "85"]
[EventDate "2022.07.25"]
[EventType "swiss"]
[EventRounds "9"]
[EventCountry "CRO"]
[SourceTitle "EXT 2023"]
[Source "ChessBase"]
[SourceDate "2022.10.05"]
[SourceVersion "1"]
[SourceVersionDate "2022.10.05"]
[SourceQuality "1"]

1. d4 c5 2. d5 d6 3. c4 b5 4. cxb5 a6 5. Nc3 g6 6. e4 Bg7 7. h3 Nf6 8. Nf3 0-0 9. Bd3 axb5 10. Bxb5 Ba6 11. Bxa6 Nxa6 12. 0-0 Qb6 13. a3 Rfb8 14. Rb1 Nd7 15. Bd2 Qb3 16. Qc1 Ne5 17. Nxe5 Bxe5 18. f4 Bg7 19. Re1 Nc7 20. Kh1 Nb5 21. Nxb5 Rxb5 22. Re3 Qa2 23. b4 e6 24. dxe6 fxe6 25. Reb3 Rab8 26. e5 c4 27. Rc3 dxe5 28. Rc2 Qxb1 29. Qxb1 exf4 30. Bxf4 Rf8 31. Bd6 Rc8 32. Qe1 e5 33. Bc5 Re8 34. Qe4 Rbb8 35. Qxc4+ Kh8 36. Qe4 Ra8 37. b5 Ra5 38. b6 Rb5 39. a4 Rb1+ 40. Kh2 Bh6 41. Rf2 Rb3 42. b7 Rb8 43. Qxe5+ 1-0

[Event "CRO-chT2 (Women)"]
[Site "Strizivojna"]
[Date "2021.11.20"]
[Round "1.4"]
[White "Juric, Ester"]
[Black "Vinkovic, Hana"]
[Result "1-0"]
[WhiteElo "1400"]
[BlackElo "1095"]
[PlyCount "65"]
[EventDate "2021.11.20"]
[EventType "team-tourn"]
[EventRounds "3"]
[EventCountry "CRO"]
[SourceTitle "EXT 2023"]
[Source "ChessBase"]
[SourceDate "2022.10.05"]
[SourceVersion "1"]
[SourceVersionDate "2022.10.05"]
[SourceQuality "1"]
[WhiteTeam "Strizivojna Amater (W)"]
[BlackTeam "Zupanja Nexus (W)"]
[WhiteTeamCountry "CRO"]
[BlackTeamCountry "CRO"]

1. d4 d5 2. c4 e6 3. Nc3 Nf6 4. Bg5 Be7 5. Nf3 h6 6. Bh4 0-0 7. e3 b6 8. Be2 Bb7 9. 0-0 Nbd7 10. Rc1 c5 11. b3 Rc8 12. cxd5 exd5 13. h3 Re8 14. Re1 Ne4 15. Bxe7 Qxe7 16. dxc5 Nxc3 17. Rxc3 Nxc5 18. Rc1 Red8 19. Nd4 Ne4 20. Bg4 Rxc1 21. Qxc1 Nf6 22. Bf3 Rc8 23. Qb2 Nd7 24. Nf5 Qe5 25. Qxe5 Nxe5 26. Ne7+ Kf8 27. Nxc8 Bxc8 28. Bxd5 Nd3 29. Rd1 Nb4 30. Bc4 Ke7 31. a3 Nc6 32. Rc1 Na5 33. Bxf7 1-0

[Event "CRO-ch (Women)"]
[Site "Vinkovci"]
[Date "2021.08.26"]
[Round "6"]
[White "Dejanovic, Tereza"]
[Black "Juric, Ester"]
[Result "1-0"]
[WhiteElo "1938"]
[BlackElo "1522"]
[PlyCount "85"]
[EventDate "2021.08.22"]
[EventType "swiss"]
[EventRounds "9"]
[EventCountry "CRO"]
[SourceTitle "CBM 204 Extra"]
[Source "ChessBase"]
[SourceDate "2021.11.30"]
[SourceVersion "1"]
[SourceVersionDate "2021.11.30"]
[SourceQuality "1"]

1. e4 e5 2. Nf3 Nf6 3. Nxe5 d6 4. Nf3 Nxe4 5. d4 d5 6. Be2 Nc6 7. 0-0 Be7 8. b3 0-0 9. Bb2 Bf5 10. Nbd2 Re8 11. Bb5 a6 12. Bxc6 bxc6 13. Ne5 Qd6 14. c4 f6 15. Nef3 Reb8 16. Re1 Nxd2 17. Nxd2 dxc4 18. Nxc4 Qd7 19. Rc1 Be6 20. Qe2 Kf7 21. Qf3 Kg8 22. Qe4 Bxc4 23. Rxc4 Bd6 24. Qxc6 Qf5 25. g3 Qa5 26. Ra1 Re8 27. Rc2 Rad8 28. Qc4+ Kh8 29. Re2 Rxe2 30. Qxe2 Ba3 31. Re1 h6 32. Bxa3 Qxa3 33. d5 Qd6 34. Qc4 Qxd5 35. Qxa6 Ra8 36. Qe2 c5 37. h4 Ra3 38. Rd1 Qa8 39. Qe7 Qf3 40. Rd2 Qf5 41. Qe8+ Kh7 42. h5 Qe5 43. Qg6+ 1-0

[Event "CRO-ch (Women)"]
[Site "Vinkovci"]
[Date "2021.08.25"]
[Round "5"]
[White "Juric, Ester"]
[Black "Bevanda, Ema"]
[Result "0-1"]
[WhiteElo "1522"]
[BlackElo "1646"]
[PlyCount "66"]
[EventDate "2021.08.22"]
[EventType "swiss"]
[EventRounds "9"]
[EventCountry "CRO"]
[SourceTitle "CBM 204 Extra"]
[Source "ChessBase"]
[SourceDate "2021.11.30"]
[SourceVersion "1"]
[SourceVersionDate "2021.11.30"]
[SourceQuality "1"]

1. d4 e6 2. Nf3 f5 3. g3 Nf6 4. Bg2 d6 5. c4 Be7 6. 0-0 0-0 7. b3 Ne4 8. Bb2 Bf6 9. Nc3 Nxc3 10. Bxc3 Nc6 11. Qc2 e5 12. dxe5 dxe5 13. Rad1 Qe8 14. e4 Qh5 15. Qe2 fxe4 16. Qxe4 Bf5 17. Qe3 Rae8 18. Nd2 Bg5 19. Qc5 e4 20. Rde1 Bxd2 21. Bxd2 Ne5 22. h4 Kh8 23. Bc3 b6 24. Qxc7 Rf7 25. Qd6 Rd7 26. Qa3 Nf3+ 27. Bxf3 Qxf3 28. Re3 Qh5 29. Qb2 Bg4 30. Rfe1 Bf3 31. Rxf3 Qxf3 32. Bd4 Red8 33. Bc3 Kg8 0-1

[Event "CRO-chT U20 30th"]
[Site "Rabac"]
[Date "2021.04.10"]
[Round "9.3"]
[White "Vukojevic, Toni"]
[Black "Juric, Ester"]
[Result "1-0"]
[WhiteElo "1538"]
[BlackElo "1587"]
[PlyCount "141"]
[EventDate "2021.04.06"]
[EventType "team-tourn"]
[EventRounds "11"]
[EventCountry "CRO"]
[SourceTitle "CBM 201 Extra"]
[Source "ChessBase"]
[SourceDate "2021.05.31"]
[SourceVersion "1"]
[SourceVersionDate "2021.05.31"]
[SourceQuality "1"]
[WhiteTeam "Zupanja U20"]
[BlackTeam "Strizivojna Amater U20"]
[WhiteTeamCountry "CRO"]
[BlackTeamCountry "CRO"]

1. e4 c5 2. Nf3 d6 3. c3 Nf6 4. Bd3 Nc6 5. Bc2 Bg4 6. h3 Bh5 7. d3 e6 8. Bg5 Be7 9. Bxf6 Bxf6 10. Nbd2 0-0 11. g4 Bg6 12. h4 h6 13. h5 Bh7 14. Qe2 b5 15. Rc1 a5 16. a4 b4 17. Bb3 bxc3 18. bxc3 Rb8 19. 0-0 Qe7 20. Bc4 Rfc8 21. Bb5 Qc7 22. Qe3 Qd8 23. Rfe1 Kh8 24. Nb3 Na7 25. c4 Nc6 26. Nfd2 e5 27. Bxc6 Rxc6 28. Ra1 Bg5 29. Qf3 Bxd2 30. Nxd2 Rb2 31. Nf1 Kg8 32. Ne3 Rcb6 33. Nd5 R6b3 34. Re2 Rb1+ 35. Rxb1 Rxb1+ 36. Kg2 Qh4 37. Ne3 Qh1+ 38. Kg3 Qxf3+ 39. Kxf3 Rb4 40. Ra2 g6 41. Nd5 Rb3 42. Ke3 Kg7 43. hxg6 fxg6 44. Ne7 Kf6 45. Nc6 Kg5 46. f3 h5 47. gxh5 gxh5 48. Na7 Bg8 49. Rg2+ Kh4 50. Rxg8 Rb4 51. Nb5 Rxa4 52. Nxd6 Ra1 53. Nf5+ Kh3 54. Rg5 a4 55. Rxh5+ Kg2 56. Rg5+ Kh2 57. Kd2 a3 58. Rg8 a2 59. Ra8 Rg1 60. Ne3 a1Q 61. Rxa1 Rxa1 62. Ng4+ Kg3 63. Nxe5 Kf4 64. Nd7 Ra5 65. e5 Kxf3 66. e6 Ra2+ 67. Kc3 Re2 68. Nxc5 Kf4 69. Kd4 Kf5 70. Kd5 Re5+ 71. Kd6 1-0

[Event "CRO-chT U20 30th"]
[Site "Rabac"]
[Date "2021.04.09"]
[Round "8.3"]
[White "Juric, Ester"]
[Black "Dumancic, Simun"]
[Result "0-1"]
[WhiteElo "1587"]
[BlackElo "1883"]
[PlyCount "66"]
[EventDate "2021.04.06"]
[EventType "team-tourn"]
[EventRounds "11"]
[EventCountry "CRO"]
[SourceTitle "CBM 201 Extra"]
[Source "ChessBase"]
[SourceDate "2021.05.31"]
[SourceVersion "1"]
[SourceVersionDate "2021.05.31"]
[SourceQuality "1"]
[WhiteTeam "Strizivojna Amater U20"]
[BlackTeam "Sesvete Agroproteinka U20"]
[WhiteTeamCountry "CRO"]
[BlackTeamCountry "CRO"]

1. d4 Nf6 2. c4 g6 3. Nc3 d5 4. e3 Bg7 5. cxd5 Nxd5 6. Nxd5 Qxd5 7. Ne2 0-0 8. Nc3 Qd8 9. Be2 c5 10. d5 e6 11. dxe6 Qxd1+ 12. Bxd1 Bxe6 13. 0-0 Nc6 14. Ne4 b6 15. Ba4 Nb4 16. a3 Nd3 17. Nc3 Rfd8 18. Bc2 c4 19. Bxd3 Rxd3 20. Ne4 Rad8 21. h3 Bc8 22. Rb1 Bb7 23. Ng3 Rb3 24. Ne2 Be4 25. Ra1 Bxb2 26. Bxb2 Rxb2 27. Nc3 Bc6 28. Rfc1 Rdd2 29. Nd1 Rbc2 30. Rab1 Ba4 31. Nc3 Bb3 32. Ne4 Rxc1+ 33. Rxc1 Ra2 0-1

[Event "CRO-chT U20 30th"]
[Site "Rabac"]
[Date "2021.04.08"]
[Round "5.3"]
[White "Birkic, Josip"]
[Black "Juric, Ester"]
[Result "1-0"]
[WhiteElo "1972"]
[BlackElo "1587"]
[PlyCount "55"]
[EventDate "2021.04.06"]
[EventType "team-tourn"]
[EventRounds "11"]
[EventCountry "CRO"]
[SourceTitle "CBM 201 Extra"]
[Source "ChessBase"]
[SourceDate "2021.05.31"]
[SourceVersion "1"]
[SourceVersionDate "2021.05.31"]
[SourceQuality "1"]
[WhiteTeam "Rijeka Junior U20"]
[BlackTeam "Strizivojna Amater U20"]
[WhiteTeamCountry "CRO"]
[BlackTeamCountry "CRO"]

1. d4 d5 2. c4 e6 3. Nc3 Be7 4. Nf3 Nf6 5. Bf4 a6 6. e3 0-0 7. Qc2 dxc4 8. Bxc4 c5 9. dxc5 Bxc5 10. Rd1 Qe8 11. 0-0 Nbd7 12. Ne5 Nxe5 13. Bxe5 Nd7 14. Bg3 b5 15. Bd3 h6 16. Ne4 Be7 17. Nd6 Qd8 18. Be4 Ra7 19. Rc1 Bxd6 20. Bxd6 Re8 21. Rfd1 f5 22. Bf3 Qf6 23. Bc6 Rd8 24. e4 Kh7 25. f4 Qf7 26. e5 Qg8 27. Qf2 Nxe5 28. Qxa7 1-0

[Event "CRO-chT U20 30th"]
[Site "Rabac"]
[Date "2021.04.07"]
[Round "3.3"]
[White "Duda, Daniel1111"]
[Black "Juric, Ester"]
[Result "1-0"]
[WhiteElo "1968"]
[BlackElo "1587"]
[PlyCount "80"]
[EventDate "2021.04.06"]
[EventType "team-tourn"]
[EventRounds "11"]
[EventCountry "CRO"]
[SourceTitle "CBM 201 Extra"]
[Source "ChessBase"]
[SourceDate "2021.05.31"]
[SourceVersion "1"]
[SourceVersionDate "2021.05.31"]
[SourceQuality "1"]
[WhiteTeam "Rijeka Liburnija U20"]
[BlackTeam "Strizivojna Amater U20"]
[WhiteTeamCountry "CRO"]
[BlackTeamCountry "CRO"]

1. d4 d5 2. c4 e6 3. Nc3 Be7 4. Nf3 Nf6 5. Bg5 h6 6. Bh4 0-0 7. e3 b6 8. cxd5 Nxd5 9. Bxe7 Qxe7 10. Bd3 Bb7 11. Rc1 Rc8 12. 0-0 Nd7 13. Nxd5 exd5 14. Bf5 g6 15. Bh3 c6 16. Ne5 Nxe5 17. Bxc8 Rxc8 18. dxe5 Qxe5 19. Qd4 Qe6 20. Rfd1 c5 21. Qf4 h5 22. b4 Qe7 23. bxc5 bxc5 24. Rb1 Rc7 25. Rb5 Qd7 26. Rdb1 Qc6 27. f3 c4 28. Qd4 Bc8 29. Rxd5 Rd7 30. Rxd7 Bxd7 31. Qxa7 c3 32. Qd4 c2 33. Rc1 Be6 34. Qd2 h4 35. Rxc2 Qa8 36. h3 Bxh3 37. gxh3 Qxf3 38. Qf2 Qd1+ 39. Kh2 Qd6+ 40. Qf4 Qd3 1-0

[Event "CRO-chT U20 29th"]
[Site "Cakovec"]
[Date "2020.07.15"]
[Round "4.5"]
[White "Juric, Ester"]
[Black "Cvitan, Ena"]
[Result "0-1"]
[WhiteElo "1663"]
[BlackElo "2258"]
[PlyCount "94"]
[EventDate "2020.07.14"]
[EventType "team-tourn"]
[EventRounds "11"]
[EventCountry "CRO"]
[SourceTitle "CBM 197 Extra"]
[Source "ChessBase"]
[SourceDate "2020.09.30"]
[SourceVersion "1"]
[SourceVersionDate "2020.09.30"]
[SourceQuality "1"]
[WhiteTeam "Strizivojna Amater U20"]
[BlackTeam "Rijeka Liburnija U20"]
[WhiteTeamCountry "CRO"]
[BlackTeamCountry "CRO"]

1. d4 Nf6 2. c4 e6 3. Nc3 Bb4 4. e3 b6 5. Nf3 Bb7 6. Bd3 0-0 7. 0-0 d5 8. cxd5 exd5 9. Ne5 c5 10. f4 Nc6 11. a3 Bxc3 12. bxc3 Ne4 13. Bxe4 dxe4 14. Qe2 Qc7 15. Bb2 f6 16. Ng4 Na5 17. Rac1 Rac8 18. Nf2 f5 19. Rfd1 Qf7 20. Rb1 Bd5 21. Bc1 Rc7 22. g4 Bb3 23. Re1 cxd4 24. cxd4 Rc2 25. Qb5 fxg4 26. Nxe4 Qb7 27. Qd3 Rfc8 28. Bd2 Ba2 29. Rbc1 Rxc1 30. Rxc1 Rxc1+ 31. Bxc1 Bc4 32. Qb1 Qd5 33. Nd2 Ba6 34. Qb4 Nc4 35. Qe7 h6 36. Qe8+ Kh7 37. Qe4+ Qxe4 38. Nxe4 Bb7 39. Ng3 Nd6 40. Kf2 Kg6 41. Ke2 h5 42. Kf2 h4 43. Ne2 Ne4+ 44. Kg1 Ba6 45. f5+ Kxf5 46. Nf4 Bc4 47. Kg2 g5 0-1

[Event "CRO-chT U20 29th"]
[Site "Cakovec"]
[Date "2020.07.14"]
[Round "1.2"]
[White "Sundac, Ivano"]
[Black "Juric, Ester"]
[Result "1-0"]
[WhiteElo "1408"]
[BlackElo "1663"]
[PlyCount "61"]
[EventDate "2020.07.14"]
[EventType "team-tourn"]
[EventRounds "11"]
[EventCountry "CRO"]
[SourceTitle "CBM 197 Extra"]
[Source "ChessBase"]
[SourceDate "2020.09.30"]
[SourceVersion "1"]
[SourceVersionDate "2020.09.30"]
[SourceQuality "1"]
[WhiteTeam "Crikvenica U20"]
[BlackTeam "Strizivojna Amater U20"]
[WhiteTeamCountry "CRO"]
[BlackTeamCountry "CRO"]

1. d4 d5 2. Bf4 Nf6 3. e3 e6 4. Nf3 Bd6 5. Ne5 Nbd7 6. Nd2 0-0 7. Bd3 Qe7 8. Qf3 c5 9. c3 h6 10. h4 c4 11. Bc2 h5 12. Qg3 Bxe5 13. dxe5 Ne8 14. Qf3 g6 15. g4 Ng7 16. gxh5 Nxh5 17. Rg1 Kh8 18. Bg5 Qe8 19. Bf6+ Ndxf6 20. exf6 Qd8 21. Rg5 Nxf6 22. h5 Nh7 23. Rg2 Qf6 24. hxg6 fxg6 25. Qg3 e5 26. 0-0-0 Be6 27. Rh1 Bg8 28. Bxg6 Rac8 29. Bf5 Rc7 30. Rhg1 Qxf5 31. Qxg8+ 1-0

[Event "Osijek Baranja CupT 13th"]
[Site "Valpovo"]
[Date "2020.02.23"]
[Round "4.2"]
[White "Juric, Ester"]
[Black "Popovic, Bozidar"]
[Result "0-1"]
[WhiteElo "1599"]
[BlackElo "2206"]
[PlyCount "69"]
[EventDate "2020.02.21"]
[EventType "team-swiss"]
[EventRounds "5"]
[EventCountry "CRO"]
[SourceTitle "EXT 2023"]
[Source "ChessBase"]
[SourceDate "2022.10.05"]
[SourceVersion "1"]
[SourceVersionDate "2022.10.05"]
[SourceQuality "1"]
[WhiteTeam "Strizivojna Amater"]
[BlackTeam "Belisce"]
[WhiteTeamCountry "CRO"]
[BlackTeamCountry "CRO"]

1. d4 Nf6 2. c4 c5 3. d5 e5 4. Nc3 d6 5. e3 Be7 6. Bd3 Nbd7 7. Nge2 Nf8 8. b3 Ng6 9. Bb2 a6 10. Ng3 Nh4 11. 0-0 g6 12. Rc1 0-0 13. h3 Nd7 14. e4 Bg5 15. Ra1 f5 16. exf5 gxf5 17. Qh5 h6 18. Nxf5 Rxf5 19. Bxf5 Nf6 20. Qd1 Bxf5 21. Bc1 Kh7 22. f4 exf4 23. Bxf4 Qd7 24. Bxg5 hxg5 25. Qd2 Kg6 26. g3 Bxh3 27. Rxf6+ Kxf6 28. gxh4 Qg4+ 29. Kh1 Qxh4 30. Qf2+ Qxf2 31. Ne4+ Ke5 32. Nxf2 Bf5 33. Rd1 b5 34. Rg1 Rh8+ 35. Kg2 0-1

[Event "Valpovo op (Women) 22nd"]
[Site "Valpovo"]
[Date "2019.12.14"]
[Round "4.5"]
[White "Juric, Ester"]
[Black "Vidovic, Petra"]
[Result "1/2-1/2"]
[WhiteElo "1599"]
[BlackElo "1518"]
[PlyCount "93"]
[EventDate "2019.12.13"]
[EventType "swiss (rapid)"]
[EventRounds "7"]
[EventCountry "CRO"]
[SourceTitle "EXT 2023"]
[Source "ChessBase"]
[SourceDate "2022.10.05"]
[SourceVersion "1"]
[SourceVersionDate "2022.10.05"]
[SourceQuality "1"]

1. d4 d5 2. c4 dxc4 3. Nc3 a6 4. a4 Nf6 5. e4 e6 6. Bxc4 Bb4 7. e5 Nd5 8. Nge2 Nc6 9. 0-0 Nb6 10. Ba2 0-0 11. Be3 Ne7 12. Ng3 Bd7 13. Bb3 Nc6 14. Na2 Be7 15. Qd3 g6 16. Bh6 Re8 17. Bc2 Nd5 18. Bb1 f6 19. f4 f5 20. Ne2 Ncb4 21. Nxb4 Nxb4 22. Qh3 Bc6 23. g4 Qd5 24. Kf2 Qd8 25. g5 Nd5 26. Ba2 Qd7 27. Bb3 Nb6 28. a5 Nd5 29. Rac1 Bb4 30. Ra1 Bb5 31. Bxd5 Qxd5 32. Qe3 Rad8 33. Rfd1 Bc6 34. Rg1 Bxa5 35. h4 Bb6 36. Rad1 Qe4 37. Qxe4 Bxe4 38. Ke3 c5 39. Rge1 cxd4+ 40. Nxd4 Re7 41. Rd2 Red7 42. Red1 Bxd4+ 43. Rxd4 Rxd4 44. Rxd4 Rxd4 45. Kxd4 Kf7 46. Kc5 Bc6 47. Kb6 1/2-1/2

[Event "Hvar op U16 3rd"]
[Site "Hvar"]
[Date "2019.10.06"]
[Round "3"]
[White "Juric, Ester"]
[Black "Poljak, Stipe"]
[Result "0-1"]
[WhiteElo "1607"]
[BlackElo "1406"]
[PlyCount "44"]
[EventDate "2019.10.05"]
[EventType "swiss"]
[EventRounds "6"]
[EventCountry "CRO"]
[SourceTitle "CBM 193 Extra"]
[Source "ChessBase"]
[SourceDate "2020.01.31"]
[SourceVersion "1"]
[SourceVersionDate "2020.01.31"]
[SourceQuality "1"]

1. d4 Nf6 2. c4 g6 3. Nc3 Bg7 4. e4 d6 5. h3 0-0 6. Be3 Nbd7 7. Nf3 e5 8. d5 Nc5 9. Nd2 a5 10. g4 Nfd7 11. Be2 f5 12. gxf5 gxf5 13. exf5 Rxf5 14. Bg4 Nd3+ 15. Ke2 Nf4+ 16. Bxf4 Rxf4 17. Qc2 Nc5 18. Bxc8 Rxc8 19. Rag1 Qh4 20. Rg3 Rcf8 21. Nf3 Rxf3 22. Rxf3 Qh5 0-1